[Event "POTENTIALLY IMMORTAL GAMES"]
[Site "SchemingMind.com"]
[Date "2020.04.22"]
[Round "-"]
[White "Steven DuCharme"]
[Black "private napoleon"]
[Result "1/2-1/2"]
[WhiteCountry "USA"]
[BlackCountry "ENG"]
[WhiteElo "1568"]
[WhiteRD "59"]
[BlackElo "1838"]
[BlackRD "82"]
[GameID "454074"]

1. e4 c5 2. Nf3 d6 3. Bb5+ Nd7 4. O-O a6 5. Bxd7+ Bxd7 6. d4 cxd4 7. Nxd4 g6 8. f4 Bg7 9. Kh1 Nf6 10. Nc3 O-O
11. h3 Bc6 12. Nxc6 bxc6 13. Be3 Rb8 14. Qc1 Nxe4 15. Nxe4 Bxb2 16. Qd2 Bxa1 17. Rxa1 Qc7 18. a4 Rb7 19. a5 Qd7 20. Bb6 Qf5
21. Ng3 Qd5 22. Qxd5 cxd5 23. Rd1 e6 24. c4 dxc4 25. Rxd6 Rc8 26. Ne2 c3 27. Nc1 Re7 28. g4 e5 29. f5 e4 30. fxg6 hxg6
31. Be3 Re6 32. Rd4 f5 33. gxf5 gxf5 34. Rd5 Rf8 35. Ne2 Ref6 36. Rc5 f4 37. Nxf4 Rxf4 38. Bxf4 Rxf4 39. Rxc3 Rf5 40. Re3 Rxa5=
1/2-1/2

[Event "POTENTIALLY IMMORTAL GAMES"]
[Site "SchemingMind.com"]
[Date "2020.04.21"]
[Round "-"]
[White "private napoleon"]
[Black "Steven DuCharme"]
[Result "1/2-1/2"]
[WhiteCountry "ENG"]
[BlackCountry "USA"]
[WhiteElo "1824"]
[WhiteRD "84"]
[BlackElo "1559"]
[BlackRD "64"]
[GameID "454075"]

1. e4 d6 2. d4 Nf6 3. Nc3 g6 4. f4 Bg7 5. Nf3 O-O 6. Bd3 b6 7. O-O Bb7 8. Qe2 Nbd7 9. Bd2 e5 10. d5 Nc5
11. f5 Nxd3 12. Qxd3 a6 13. Bg5 h6 14. Bxf6 Bxf6 15. Kh1 c6 16. fxg6 fxg6 17. Rad1 c5 18. Nd2 Qe7 19. a4 Bg5 20. Rf3 Bxd2
21. Qxd2 Rxf3 22. gxf3 Kh7 23. f4 Rf8 24. fxe5 Qxe5 25. Qg2 Qf4 26. Rg1 Qf3 27. Qxf3 Rxf3 28. Kg2 Rf7 29. Rf1 Kg7 30. Rxf7+ Kxf7
31. Kf3 Kf6 32. Ne2 Ke5 33. c3 Bc8 34. h4 h5 35. Nf4 Bg4+ 36. Ke3 b5 37. axb5 axb5 38. Nxg6+ Kf6 39. Nf4 Bd1 40. b3 Bg4
41. Ng2 Ke5=
1/2-1/2

[Event "POTENTIALLY IMMORTAL GAMES"]
[Site "SchemingMind.com"]
[Date "2020.04.28"]
[Round "-"]
[White "Steven DuCharme"]
[Black "GBEDARD"]
[Result "0-1"]
[WhiteCountry "USA"]
[BlackCountry "USA"]
[WhiteElo "1568"]
[WhiteRD "59"]
[BlackElo "1607"]
[BlackRD "84"]
[GameID "454339"]

1. c4 e5 2. g3 Nf6 3. Bg2 Nc6 4. Nc3 Bc5 5. e3 d6 6. Nge2 Bg4 7. f3 Bf5 8. O-O Bd3 9. Re1 Nb4 10. Na4 Nc2
11. Nxc5 dxc5 12. f4 Nxa1 13. Bxb7 Bc2 14. Bc6+ Nd7 15. Qxc2 Nxc2 16. Rf1 O-O 17. fxe5 Nxe5 18. Bg2 Nxc4
0-1

[Event "POTENTIALLY IMMORTAL GAMES"]
[Site "SchemingMind.com"]
[Date "2020.04.28"]
[Round "-"]
[White "GBEDARD"]
[Black "Steven DuCharme"]
[Result "0-1"]
[WhiteCountry "USA"]
[BlackCountry "USA"]
[WhiteElo "1607"]
[WhiteRD "84"]
[BlackElo "1568"]
[BlackRD "59"]
[GameID "454340"]

1. e4 c6 2. d4 d5 3. Nc3 dxe4 4. Nxe4 Nf6 5. Nxf6+ exf6 6. Nf3 Be7 7. Bd3 O-O 8. O-O Bg4 9. Re1 Re8 10. c3 Nd7
11. h3 Bxf3 12. Qxf3 Nf8 13. Bd2 Ng6 14. g3 Bd6 15. Rxe8+ Qxe8 16. Re1 Qd7 17. Kg2 Re8 18. Qf5 Re6 19. Bc4 Re7
0-1

[Event "POTENTIALLY IMMORTAL GAMES"]
[Site "SchemingMind.com"]
[Date "2020.04.29"]
[Round "-"]
[White "GBEDARD"]
[Black "private napoleon"]
[Result "0-1"]
[WhiteCountry "USA"]
[BlackCountry "ENG"]
[WhiteElo "1553"]
[WhiteRD "83"]
[BlackElo "1824"]
[BlackRD "84"]
[GameID "454341"]

1. e4 c5 2. Nf3 d6 3. d4 cxd4 4. Nxd4 Nf6 5. Nc3 a6 6. h3 e6 7. g4 Be7 8. Be3 O-O 9. f4 b5 10. g5 Nfd7
11. Qd2 Bb7
0-1

[Event "POTENTIALLY IMMORTAL GAMES"]
[Site "SchemingMind.com"]
[Date "2020.04.28"]
[Round "-"]
[White "private napoleon"]
[Black "GBEDARD"]
[Result "1-0"]
[WhiteCountry "ENG"]
[BlackCountry "USA"]
[WhiteElo "1838"]
[WhiteRD "82"]
[BlackElo "1607"]
[BlackRD "84"]
[GameID "454342"]

1. e4 g6 2. d4 Bg7 3. f4 d5 4. e5 Nh6 5. Nf3 O-O 6. Bd3 c5 7. c3 cxd4 8. cxd4 Nc6 9. a3 Bg4 10. O-O Nxd4
11. Nc3 Nxf3+ 12. gxf3 Bh3 13. Re1 e6 14. Nb5 f6 15. Kh1
1-0

[Event "POTENTIALLY IMMORTAL GAMES"]
[Site "SchemingMind.com"]
[Date "2020.04.30"]
[Round "-"]
[White "Steven DuCharme"]
[Black "mmccaffe"]
[Result "1-0"]
[WhiteCountry "USA"]
[BlackCountry "USA"]
[WhiteElo "1569"]
[WhiteRD "54"]
[BlackElo "1619"]
[BlackRD "71"]
[GameID "454377"]

1. g3 d5 2. Bg2 c6 3. d4 e6 4. Nf3 Nf6 5. O-O Bd6 6. Nbd2 O-O 7. Re1 Nbd7 8. b3 b6 9. Bb2 Bb7 10. e4 dxe4
11. Nxe4 Nxe4 12. Rxe4 c5 13. Re1 Qc7 14. dxc5 Nxc5 15. Qd4 h5 16. Qxg7#
1-0

[Event "POTENTIALLY IMMORTAL GAMES"]
[Site "SchemingMind.com"]
[Date "2020.04.30"]
[Round "-"]
[White "mmccaffe"]
[Black "Steven DuCharme"]
[Result "0-1"]
[WhiteCountry "USA"]
[BlackCountry "USA"]
[WhiteElo "1487"]
[WhiteRD "71"]
[BlackElo "1568"]
[BlackRD "59"]
[GameID "454378"]

1. e4 c5 2. Nf3 Nc6 3. Bb5 d6 4. O-O Bd7 5. Re1 e6 6. c3 a6 7. Bf1 h6 8. d4 Nf6 9. Na3 b5 10. Nc2 Be7
11. b3 O-O 12. Bb2 cxd4 13. cxd4 Qb6 14. e5 dxe5 15. Nxe5 Rfd8 16. Qe2 Nxe5
0-1

[Event "POTENTIALLY IMMORTAL GAMES"]
[Site "SchemingMind.com"]
[Date "2020.04.29"]
[Round "-"]
[White "mmccaffe"]
[Black "GBEDARD"]
[Result "0-1"]
[WhiteCountry "USA"]
[BlackCountry "USA"]
[WhiteElo "1487"]
[WhiteRD "71"]
[BlackElo "1607"]
[BlackRD "84"]
[GameID "454379"]

1. e4 g6 2. Nc3 c5 3. g3 Bg7 4. Bg2 Nc6 5. d3 Nf6 6. Nge2 d6 7. O-O O-O 8. h3 Bd7 9. f4 Rc8 10. Be3 e6
0-1

[Event "POTENTIALLY IMMORTAL GAMES"]
[Site "SchemingMind.com"]
[Date "2020.04.29"]
[Round "-"]
[White "GBEDARD"]
[Black "mmccaffe"]
[Result "1-0"]
[WhiteCountry "USA"]
[BlackCountry "USA"]
[WhiteElo "1607"]
[WhiteRD "84"]
[BlackElo "1487"]
[BlackRD "71"]
[GameID "454380"]

1. e4 c5 2. Nf3 d6 3. d4 cxd4 4. Nxd4 Nf6 5. Nc3 a6 6. h3 e5 7. Nde2 Be7 8. Ng3 O-O 9. Bc4 Qc7 10. Bb3 Nbd7
11. O-O b5 12. Bg5
1-0

[Event "POTENTIALLY IMMORTAL GAMES"]
[Site "SchemingMind.com"]
[Date "2020.05.01"]
[Round "-"]
[White "Steven DuCharme"]
[Black "grabapawn"]
[Result "1-0"]
[WhiteCountry "USA"]
[BlackCountry "USA"]
[WhiteElo "1599"]
[WhiteRD "55"]
[BlackElo "1490"]
[BlackRD "61"]
[GameID "454474"]

1. g3 d6 2. Bg2 Nf6 3. d4 Nbd7 4. e4 e5 5. dxe5 Nxe5 6. h3 Be7 7. Ne2 Be6 8. O-O c6 9. f4 Nc4 10. b3 Nb6
11. Bb2 Qc7 12. Nd2 d5 13. exd5 Nbxd5 14. Be5 Bd6 15. Bxd5 Nxd5 16. Nc4 Bxe5 17. fxe5 b5 18. Nd6+ Kf8 19. Nd4 Qd7 20. Kh2 Ne3
21. Qf3 Nd5 22. c4 bxc4 23. bxc4 Nb4 24. Nxf7 Rg8 25. Nxe6+ Ke7 26. Nc5 Qd2+ 27. Rf2 Qd4 28. Nb3 Qxc4 29. Rc1 Qe6 30. Nc5 Qg6
31. Qf5 Qxf5 32. Rxf5 Rgf8 33. Rcf1 Nd5 34. Nd6 Rxf5 35. Rxf5 Rf8 36. Rxf8 Kxf8 37. Nc8 a5 38. Nb7 a4 39. Na5 c5 40. Nc4 Nc3
41. N8b6 Nxa2 42. Nxa4 Ke7 43. Nxc5 g6 44. Nd6 Nc3 45. Kg2 Nd5 46. Kf3 h6 47. Nce4 Ke6 48. Nc4 Nb4 49. Nc3 Nd3 50. h4 Nxe5+
51. Nxe5 Kxe5 52. g4 g5 53. hxg5 hxg5 54. Ne4
1-0

[Event "POTENTIALLY IMMORTAL GAMES"]
[Site "SchemingMind.com"]
[Date "2020.04.30"]
[Round "-"]
[White "grabapawn"]
[Black "Steven DuCharme"]
[Result "0-1"]
[WhiteCountry "USA"]
[BlackCountry "USA"]
[WhiteElo "1490"]
[WhiteRD "61"]
[BlackElo "1599"]
[BlackRD "55"]
[GameID "454475"]

1. d4 Nf6 2. Bf4 d6 3. e3 g6 4. c3 Bg7 5. Bd3 O-O 6. h3 Nbd7 7. g4 e5 8. Bg5 h6 9. Bh4 g5 10. Bg3 e4
11. Bb5 a6 12. Ba4 b5 13. Bb3 d5 14. h4 Nb6 15. f3 exf3 16. Nxf3 Bxg4 17. Nbd2 Ne4 18. Nxe4 dxe4 19. Rf1 exf3 20. Qd3 Nd5
21. O-O-O c6 22. Bc2 f5 23. Kb1 Qe7 24. hxg5 hxg5 25. Rde1 Rfb8 26. e4 fxe4 27. Rxe4 Qd7 28. Qd2 Bf6 29. Qh2 Re8 30. Rxg4 Qxg4
31. Qh7+ Kf8 32. Bd6+ Ne7 33. Bg6 Qe6 34. Be5 Nxg6 35. Qh6+ Ke7 36. Qxg6 Bxe5 37. Qxe6+ Kxe6 38. dxe5 g4
0-1

[Event "POTENTIALLY IMMORTAL GAMES"]
[Site "SchemingMind.com"]
[Date "2020.04.30"]
[Round "-"]
[White "grabapawn"]
[Black "mmccaffe"]
[Result "1-0"]
[WhiteCountry "USA"]
[BlackCountry "USA"]
[WhiteElo "1516"]
[WhiteRD "57"]
[BlackElo "1619"]
[BlackRD "71"]
[GameID "454476"]

1. d4 d5 2. Bf4 e6 3. Nf3 Nf6 4. e3 c5 5. c3 Nc6 6. Bd3 Bd6 7. Bg3 O-O 8. Nbd2 b6 9. Ne5 Qc7 10. Ndf3 Bb7
11. Ng5 Nxe5 12. Bc2 Nc4 13. Rb1 h6 14. Nf3 Ne4 15. Ne5 Nxg3 16. hxg3 Nxe5 17. dxe5 Bxe5 18. f4 Bd6 19. Qd3 Rfe8 20. Qh7+
1-0

[Event "POTENTIALLY IMMORTAL GAMES"]
[Site "SchemingMind.com"]
[Date "2020.04.30"]
[Round "-"]
[White "mmccaffe"]
[Black "grabapawn"]
[Result "1-0"]
[WhiteCountry "USA"]
[BlackCountry "USA"]
[WhiteElo "1619"]
[WhiteRD "71"]
[BlackElo "1516"]
[BlackRD "57"]
[GameID "454477"]

1. e4 d6 2. Nc3 Nf6 3. g3 Nbd7 4. Bg2 e5 5. d3 c6 6. Nge2 Be7 7. O-O Qc7 8. h3 h6 9. Kh1 Nf8 10. f4 g6
11. Be3 g5 12. fxe5 dxe5 13. d4 Ng6 14. d5 g4 15. d6 gxh3 16. dxc7
1-0

[Event "POTENTIALLY IMMORTAL GAMES"]
[Site "SchemingMind.com"]
[Date "2020.04.30"]
[Round "-"]
[White "grabapawn"]
[Black "GBEDARD"]
[Result "1-0"]
[WhiteCountry "USA"]
[BlackCountry "USA"]
[WhiteElo "1530"]
[WhiteRD "65"]
[BlackElo "1607"]
[BlackRD "84"]
[GameID "454478"]

1. d4 Nf6 2. Bf4 e6 3. Nf3 c5 4. e3 d5 5. c3 Nc6 6. Bd3 Nh5 7. Bg3 Nxg3 8. hxg3 Qb6 9. Qb3 c4 10. Qxb6 axb6
11. Bc2 Bd6 12. Nbd2 b5 13. Ng5 h6 14. Ndf3 b4 15. O-O-O Rxa2 16. b3
1-0

[Event "POTENTIALLY IMMORTAL GAMES"]
[Site "SchemingMind.com"]
[Date "2020.04.30"]
[Round "-"]
[White "GBEDARD"]
[Black "grabapawn"]
[Result "0-1"]
[WhiteCountry "USA"]
[BlackCountry "USA"]
[WhiteElo "1607"]
[WhiteRD "84"]
[BlackElo "1530"]
[BlackRD "65"]
[GameID "454479"]

1. e4 d6 2. d4 Nf6 3. Nc3 Nbd7 4. f4 e5 5. Nf3 c6 6. fxe5 dxe5 7. dxe5 Ng4 8. Bg5 Be7 9. Bxe7 Qxe7 10. e6 fxe6
11. Qd2 O-O 12. O-O-O Nde5 13. Nxe5 Nxe5 14. Kb1 b5 15. a3 a5
0-1

[Event "POTENTIALLY IMMORTAL GAMES"]
[Site "SchemingMind.com"]
[Date "2020.05.01"]
[Round "-"]
[White "grabapawn"]
[Black "private napoleon"]
[Result "0-1"]
[WhiteCountry "USA"]
[BlackCountry "ENG"]
[WhiteElo "1530"]
[WhiteRD "65"]
[BlackElo "1838"]
[BlackRD "82"]
[GameID "454480"]

1. d4 d5 2. Bf4 e6 3. Nf3 Bd6 4. Bg3 Nf6 5. e3 O-O 6. Bd3 Nbd7 7. Nbd2 b6 8. c3 Bb7 9. Ng5 Re8 10. Ndf3 h6
11. Bxd6 cxd6 12. h4 e5 13. e4 dxe4 14. Nxf7 Kxf7 15. Ng5+ hxg5 16. hxg5 exd3 17. Qxd3 Rh8 18. O-O-O Ne4 19. g6+ Ke7 20. Qe3 Qf8
21. f3 Qf4 22. Qxf4 exf4 23. fxe4 Kf6 24. e5+ dxe5 25. dxe5+ Nxe5 26. Rd6+ Kg5 27. Re1 Rhe8 28. Kc2 Bxg2 29. Rg1 f3 30. c4 Rad8
0-1

[Event "POTENTIALLY IMMORTAL GAMES"]
[Site "SchemingMind.com"]
[Date "2020.04.30"]
[Round "-"]
[White "private napoleon"]
[Black "grabapawn"]
[Result "1-0"]
[WhiteCountry "ENG"]
[BlackCountry "USA"]
[WhiteElo "1844"]
[WhiteRD "83"]
[BlackElo "1490"]
[BlackRD "61"]
[GameID "454481"]

1. e4 d6 2. d4 Nf6 3. Nc3 Nbd7 4. f4 e5 5. Nf3 Be7 6. Bc4 h6 7. O-O c6 8. Bb3 Qc7 9. Qe2 g6 10. Be3 Nf8
11. fxe5 dxe5 12. dxe5 Ng4 13. Kh1 Be6 14. Rad1 f6 15. exf6 Nxf6 16. Nd4 Bg4 17. Nf3 g5 18. Qc4 Rh7 19. Rd2 b5 20. Nxb5 Qc8
21. Nxa7 Qb7 22. Ba4 N8d7 23. Bxc6
1-0

[Event "POTENTIALLY IMMORTAL GAMES"]
[Site "SchemingMind.com"]
[Date "2020.05.06"]
[Round "-"]
[White "Steven DuCharme"]
[Black "kenneth m day"]
[Result "0-1"]
[WhiteCountry "USA"]
[BlackCountry "USA"]
[WhiteElo "1569"]
[WhiteRD "54"]
[BlackElo "1758"]
[BlackRD "52"]
[GameID "454652"]

1. g3 Nf6 2. Bg2 d5 3. Nf3 c5 4. O-O Nc6 5. d4 e6 6. h3 Be7 7. c3 cxd4 8. cxd4 O-O 9. Nc3 Re8 10. Re1 h6
11. e4 dxe4 12. Nxe4 Nd5 13. a3 b6 14. Qa4 Bb7 15. Ne5 Qc7 16. Bd2 Nxe5 17. dxe5 Qxe5 18. f4 Qc7 19. Rac1 Qd8 20. b4 a6
21. Nf6+ Bxf6 22. Qb3 Qd7 23. Bxd5 Qxd5 24. Qxd5 Bxd5
0-1

[Event "POTENTIALLY IMMORTAL GAMES"]
[Site "SchemingMind.com"]
[Date "2020.05.06"]
[Round "-"]
[White "kenneth m day"]
[Black "Steven DuCharme"]
[Result "1-0"]
[WhiteCountry "USA"]
[BlackCountry "USA"]
[WhiteElo "1771"]
[WhiteRD "48"]
[BlackElo "1599"]
[BlackRD "55"]
[GameID "454653"]

1. e4 d6 2. d4 Nf6 3. Nc3 g6 4. Nf3 Bg7 5. h3 O-O 6. Be3 b6 7. Bd3 Bb7 8. Qd2 Nbd7 9. Bh6 Kh8 10. O-O-O Bxh6
11. Qxh6 Ng8 12. Qh4 e6 13. Qf4 Qf6 14. Qg3 h6 15. h4 e5 16. Qg4 Qf4+ 17. Qxf4 exf4 18. Ne2 f5 19. exf5 gxf5 20. Nxf4 Be4
21. Bxe4 fxe4 22. Ng6+ Kg7 23. Nxf8 Rxf8 24. Nd2 Rxf2 25. Nxe4 Rf4 26. Nc3 a6 27. Nd5 Rf2 28. Nxc7 Nb8 29. g4 Ne7 30. Ne6+ Kf6
31. Nc7 b5 32. Rhf1
1-0

[Event "POTENTIALLY IMMORTAL GAMES"]
[Site "SchemingMind.com"]
[Date "2020.05.05"]
[Round "-"]
[White "grabapawn"]
[Black "kenneth m day"]
[Result "0-1"]
[WhiteCountry "USA"]
[BlackCountry "USA"]
[WhiteElo "1516"]
[WhiteRD "57"]
[BlackElo "1758"]
[BlackRD "52"]
[GameID "454654"]

1. d4 Nf6 2. Bf4 d6 3. e3 Bf5 4. c3 Nbd7 5. Nd2 c6 6. Ne2 e5 7. Bg3 Be7 8. h3 O-O 9. Nf3 Ne4 10. Bh2 Ndf6
11. g4 Bd7 12. dxe5 dxe5 13. Bxe5 Re8 14. g5 Nd5 15. Nf4 Nxg5 16. Bd3 Ne6 17. h4 Bf6 18. Ng5 Nxg5 19. hxg5 Bxe5 20. Bxh7+ Kf8
21. g6 f6 22. Nxd5 cxd5 23. Qxd5 Be6 24. Qc5+ Qd6 25. Qb5 Qc6 26. Qxc6 bxc6 27. O-O-O Bxa2 28. Rd7 Be6 29. Rb7 Reb8 30. Rxb8+ Rxb8
31. Rh4 Bb3 32. f4 Bc7 33. e4 Rd8 34. Rh1 Bxf4+ 35. Kb1 Re8 36. Re1 Bc4
0-1

[Event "POTENTIALLY IMMORTAL GAMES"]
[Site "SchemingMind.com"]
[Date "2020.05.05"]
[Round "-"]
[White "kenneth m day"]
[Black "grabapawn"]
[Result "1-0"]
[WhiteCountry "USA"]
[BlackCountry "USA"]
[WhiteElo "1758"]
[WhiteRD "52"]
[BlackElo "1516"]
[BlackRD "57"]
[GameID "454655"]

1. e4 d6 2. d4 Nf6 3. Nc3 Nbd7 4. Nf3 e5 5. Bc4 h6 6. dxe5 dxe5 7. h3 Be7 8. Be3 c6 9. Qd2 Qc7 10. O-O-O g5
11. Nh2 b5 12. Bd3 Qa5 13. Nf3 b4 14. Nb1 Qxa2 15. Qe2 a5 16. Bc4 Qa1 17. Nd2 Nc5 18. Bxc5 Bxc5 19. Nb3 Qa4 20. Nxc5
1-0

[Event "POTENTIALLY IMMORTAL GAMES"]
[Site "SchemingMind.com"]
[Date "2020.05.05"]
[Round "-"]
[White "mmccaffe"]
[Black "kenneth m day"]
[Result "0-1"]
[WhiteCountry "USA"]
[BlackCountry "USA"]
[WhiteElo "1487"]
[WhiteRD "71"]
[BlackElo "1729"]
[BlackRD "50"]
[GameID "454656"]

1. e4 e5 2. Nf3 Nc6 3. Bb5 Nf6 4. Qe2 a6 5. Ba4 b5 6. Bb3 Bc5 7. O-O O-O 8. c3 Bb7 9. Rd1 Be7 10. d4 exd4
11. cxd4 Na5 12. Bc2 Re8 13. e5 Nd5 14. Nc3 Nxc3 15. bxc3 Nc4
0-1

[Event "POTENTIALLY IMMORTAL GAMES"]
[Site "SchemingMind.com"]
[Date "2020.05.05"]
[Round "-"]
[White "kenneth m day"]
[Black "mmccaffe"]
[Result "1-0"]
[WhiteCountry "USA"]
[BlackCountry "USA"]
[WhiteElo "1758"]
[WhiteRD "52"]
[BlackElo "1619"]
[BlackRD "71"]
[GameID "454657"]

1. e4 c5 2. d4 cxd4 3. c3 Nf6 4. e5 Nd5 5. Nf3 e6 6. cxd4 Nc6 7. Bg5 Be7 8. Bxe7 Qxe7 9. Nc3 Nxc3 10. bxc3 d6
11. Bd3 dxe5 12. O-O exd4 13. cxd4 O-O 14. Re1 Nb4 15. Bc4 b6 16. a3 Nd5 17. Bxd5
1-0

[Event "POTENTIALLY IMMORTAL GAMES"]
[Site "SchemingMind.com"]
[Date "2020.05.10"]
[Round "-"]
[White "GBEDARD"]
[Black "kenneth m day"]
[Result "0-1"]
[WhiteCountry "USA"]
[BlackCountry "USA"]
[WhiteElo "1553"]
[WhiteRD "83"]
[BlackElo "1708"]
[BlackRD "49"]
[GameID "454658"]

1. e4 e5 2. Nf3 Nc6 3. Bb5 a6 4. Ba4 Nf6 5. O-O Nxe4 6. d4 b5 7. Bb3 d5 8. dxe5 Be6 9. Nbd2 Nc5 10. c3 d4
11. Bxe6 Nxe6 12. cxd4 Be7 13. Nb3 O-O 14. d5 Ned4 15. dxc6 Nxc6 16. Bf4 h6 17. Qe2 Qd5 18. Rac1 Rfd8
0-1

[Event "POTENTIALLY IMMORTAL GAMES"]
[Site "SchemingMind.com"]
[Date "2020.05.10"]
[Round "-"]
[White "kenneth m day"]
[Black "GBEDARD"]
[Result "1-0"]
[WhiteCountry "USA"]
[BlackCountry "USA"]
[WhiteElo "1729"]
[WhiteRD "50"]
[BlackElo "1607"]
[BlackRD "84"]
[GameID "454659"]

1. e4 g6 2. d4 Bg7 3. Nf3 Nf6 4. Nc3 d5 5. e5 Ne4 6. Nxe4 dxe4 7. Ng5 c5 8. Be3 cxd4 9. Bxd4 Nc6 10. Bb5 Qa5+
11. Bc3 Qxb5 12. Nxe4 Bxe5 13. Qd2 Bf5 14. f3 O-O 15. O-O-O Rad8 16. Qe3 Bxe4 17. Bxe5
1-0

[Event "POTENTIALLY IMMORTAL GAMES"]
[Site "SchemingMind.com"]
[Date "2020.05.05"]
[Round "-"]
[White "private napoleon"]
[Black "kenneth m day"]
[Result "1-0"]
[WhiteCountry "ENG"]
[BlackCountry "USA"]
[WhiteElo "1844"]
[WhiteRD "83"]
[BlackElo "1771"]
[BlackRD "48"]
[GameID "454660"]

1. e4 e5 2. Nc3 Nc6 3. f4 exf4 4. Nf3 g5 5. Bc4 g4 6. O-O gxf3 7. Qxf3 Qg5 8. Nd5 Bd6 9. c3 Ne5 10. Qe2 Nxc4
11. Qxc4 c6 12. Nb4 b5 13. Qb3 Bb7 14. d4 f6 15. Nd3 O-O-O 16. Nxf4 Bxf4 17. Bxf4 Qg6 18. Bd6 Nh6 19. Qa3 Nf7 20. e5 fxe5
21. Rxf7 exd4 22. Raf1 Rhg8 23. g3 dxc3 24. R7f6 Qe4 25. Qxa7
1-0

[Event "POTENTIALLY IMMORTAL GAMES"]
[Site "SchemingMind.com"]
[Date "2020.05.05"]
[Round "-"]
[White "kenneth m day"]
[Black "private napoleon"]
[Result "0-1"]
[WhiteCountry "USA"]
[BlackCountry "ENG"]
[WhiteElo "1707"]
[WhiteRD "52"]
[BlackElo "1881"]
[BlackRD "94"]
[GameID "454661"]

1. e4 c5 2. d4 cxd4 3. c3 Nf6 4. e5 Nd5 5. Nf3 e6 6. cxd4 Bb4+ 7. Bd2 Qa5 8. Be2 O-O 9. O-O Bxd2 10. Nbxd2 Nc6
11. Nb3 Qd8 12. Rc1 b6 13. a3 Bb7 14. Re1 d6 15. Bb5 Rc8 16. Nbd2 dxe5 17. dxe5 a6 18. Ba4 b5 19. Bb3 Nf4 20. Bc2 Ng6
21. Bxg6 fxg6 22. Qe2 Rf5 23. Red1 Qc7 24. Re1 Qb8 25. Nb3 h6 26. Nc5 Nd8 27. Nxb7 Qxb7 28. h3 Nf7 29. Rxc8+ Qxc8 30. g4 Rf4
31. Kg2 Qc6 32. Kg3 g5 33. Qd3 Qc4 34. Qxc4 bxc4 35. Re3 Kf8 36. h4 c3 37. Rxc3 Ra4 38. b4 gxh4+ 39. Kxh4 Ke7 40. Kg3 g5
41. Kg2 Kd7 42. Kf1 Nd8 43. Ke2 a5 44. b5 Rxg4 45. b6 Re4+ 46. Kd3 Rf4 47. Ke3 Nc6 48. Rd3+ Kc8 49. Rd6 Kb7 50. Rxe6 Kxb6
51. Rxh6 Ra4 52. Nxg5 Rxa3+ 53. Ke4 a4 54. f4 Kc7 55. Ne6+ Kb7 56. Nc5+ Kc7 57. f5 Ra1 58. Kd5 Rd1+ 59. Ke6 a3 60. f6 a2
61. Nb3 Nd4+ 62. Nxd4 a1=Q 63. Nb5+ Kc6 64. Nd6 Rxd6+ 65. exd6 Qe1+ 66. Kf7 Kxd6 67. Kg7 Qa1 68. Kf7 Qa7+ 69. Kg6 Ke6 70. Rh7 Qg1+
0-1

[Event "POTENTIALLY IMMORTAL GAMES"]
[Site "SchemingMind.com"]
[Date "2020.05.06"]
[Round "-"]
[White "Steven DuCharme"]
[Black "AussieMossie"]
[Result "0-1"]
[WhiteCountry "USA"]
[BlackCountry "AUS"]
[WhiteElo "1569"]
[WhiteRD "54"]
[BlackElo "2534"]
[BlackRD "73"]
[GameID "454669"]

1. d4 Nf6 2. c4 e6 3. g3 d5 4. Bg2 Be7 5. Nf3 O-O 6. O-O Nbd7 7. b3 b6 8. Bb2 Bb7 9. Nbd2 c5 10. cxd5 exd5
11. Re1 Ne4 12. e3 f5 13. Ne5 cxd4 14. Bxd4 Bb4 15. Bxe4 fxe4 16. a3 Bd6 17. Nxd7 Qxd7 18. Kg2 Ba6 19. b4 Rf7 20. h3 Rxf2+
21. Kxf2 Qxh3 22. Nf1 Bxf1 23. Rxf1 Qh2+
0-1

[Event "POTENTIALLY IMMORTAL GAMES"]
[Site "SchemingMind.com"]
[Date "2020.05.06"]
[Round "-"]
[White "AussieMossie"]
[Black "Steven DuCharme"]
[Result "1-0"]
[WhiteCountry "AUS"]
[BlackCountry "USA"]
[WhiteElo "2534"]
[WhiteRD "73"]
[BlackElo "1569"]
[BlackRD "54"]
[GameID "454670"]

1. Nf3 Nf6 2. d4 b6 3. g3 Bb7 4. Bg2 g6 5. c4 Bg7 6. O-O O-O 7. Nc3 d6 8. Qc2 Nbd7 9. e4 h6 10. b3 a6
11. Bb2 e6 12. Rad1 Re8 13. e5 dxe5 14. dxe5 Ng4 15. h3 Ngxe5 16. Nxe5 Bxg2 17. Rxd7 Bxf1 18. Rxf7 Bxe5 19. Qxg6+
1-0

[Event "POTENTIALLY IMMORTAL GAMES"]
[Site "SchemingMind.com"]
[Date "2020.05.06"]
[Round "-"]
[White "grabapawn"]
[Black "AussieMossie"]
[Result "0-1"]
[WhiteCountry "USA"]
[BlackCountry "AUS"]
[WhiteElo "1516"]
[WhiteRD "57"]
[BlackElo "2534"]
[BlackRD "73"]
[GameID "454671"]

1. d4 Nf6 2. Bf4 d5 3. e3 e6 4. Nf3 c5 5. c3 Nc6 6. Bd3 Nh5 7. Bg3 Qb6 8. b3 Nxg3 9. hxg3 g6 10. Ng5 Bg7
11. Rxh7 Rxh7 12. Nxh7 Bd7 13. Qf3 Qd8 14. Nd2 Qe7 15. O-O-O cxd4 16. exd4 Qa3+ 17. Kb1 Nb4 18. cxb4 Bxd4 19. Nf6+ Kd8 20. Nc4 dxc4
21. Rd2 cxb3 22. Ng8 Rc8 23. Bc2 Qxa2+
0-1

[Event "POTENTIALLY IMMORTAL GAMES"]
[Site "SchemingMind.com"]
[Date "2020.05.06"]
[Round "-"]
[White "AussieMossie"]
[Black "grabapawn"]
[Result "1-0"]
[WhiteCountry "AUS"]
[BlackCountry "USA"]
[WhiteElo "2534"]
[WhiteRD "73"]
[BlackElo "1516"]
[BlackRD "57"]
[GameID "454672"]

1. Nf3 d6 2. d4 Nf6 3. Nc3 Nbd7 4. e4 e5 5. h3 Be7 6. Bd3 c6 7. O-O h6 8. Be3 Qc7 9. a4 a5 10. d5 Nf8
11. Nd2 Ng6 12. Nc4 Nf4 13. Qd2 g5 14. Rfe1 N6h5 15. Bf1 g4 16. h4 Bxh4 17. dxc6 Nh3+ 18. gxh3 gxh3 19. Nxd6+ Kf8 20. cxb7 Bxb7
21. Kh1 Bc8 22. Bxh6+ Ng7 23. Bc4 Be7 24. Ncb5 Qd7 25. Rg1 Bf6 26. Rxg7 Bxg7 27. Bxg7+ Kxg7 28. Qg5+ Kf8 29. Rg1
1-0

[Event "POTENTIALLY IMMORTAL GAMES"]
[Site "SchemingMind.com"]
[Date "2020.05.06"]
[Round "-"]
[White "AussieMossie"]
[Black "mmccaffe"]
[Result "1-0"]
[WhiteCountry "AUS"]
[BlackCountry "USA"]
[WhiteElo "2503"]
[WhiteRD "71"]
[BlackElo "1487"]
[BlackRD "71"]
[GameID "454674"]

1. Nf3 Nf6 2. d4 g6 3. c4 Bg7 4. Nc3 O-O 5. e4 d6 6. h3 e5 7. d5 a5 8. Bd3 Na6 9. O-O Ne8 10. Bc2 f5
11. exf5 Bxf5 12. Be3 Bxc2 13. Qxc2
1-0

[Event "POTENTIALLY IMMORTAL GAMES"]
[Site "SchemingMind.com"]
[Date "2020.05.10"]
[Round "-"]
[White "GBEDARD"]
[Black "AussieMossie"]
[Result "0-1"]
[WhiteCountry "USA"]
[BlackCountry "AUS"]
[WhiteElo "1553"]
[WhiteRD "83"]
[BlackElo "2512"]
[BlackRD "75"]
[GameID "454675"]

1. e4 c5 2. Nf3 d6 3. d4 cxd4 4. Nxd4 Nf6 5. Nc3 a6 6. h3 e6 7. g4 b5 8. Bg2 Bb7 9. O-O Nfd7 10. Be3 Nc6
11. Nxc6 Bxc6 12. a4 bxa4 13. Nxa4 Be7 14. Nc3 O-O 15. f4 Qb8 16. Rb1 Qb4 17. Qd2 Rab8 18. g5 a5 19. f5 Ne5 20. f6 Bd8
0-1